00954nam a2200205 a 450000100100000000500170001000800410002704000250006808200150009310000280010824501200013626000300025630000230028650400320030950502010034165000380054265000380058095201130061899900170073100003796920250527115319.0090908s19uu dr a 000 0 spa d aDO-SdBNPbspacBNPHU axxxxbxxxx1 aGuillermo, Edgar91863210aCompendio de administración :bteoría y práctica /cEdgar Guillermo, Eleido Rodríguez, William Rodríguez. aSanto Domingo:,c[199-?]. a211 p. : ;c22 cm. aBibliografía : p. 209-2110 tConceptos generales de administración --tLa historia de la administración --tEl proceso administrativo --tLos objetivos y la toma de decisiones --tLa planeación en la administración -- 0aAdministración industrial95872 0aPlanificación empresarial91780 0010718PDaPDbPDcCTd2013-03-11iLF1l0oxxxx xxxxp37969-10r2020-06-25w2020-06-25yLFPDZNo se presta c37459d37459